Normal view
MARC view
- Koç, Muammer
Entry Personal Name
001 - CONTROL NUMBER
- control field: 83809
003 - CONTROL NUMBER IDENTIFIER
- control field: NUST
005 - DATE AND TIME OF LATEST TRANSACTION
- control field: 20211110134902.0
008 - FIXED-LENGTH DATA ELEMENTS
- fixed length control field: 211110|| aca||aabn | a|a d
040 ## - CATALOGING SOURCE
- Original cataloging agency: NUST
- Transcribing agency: NUST
100 ## - HEADING--PERSONAL NAME
- Personal name: Koç, Muammer
670 ## - SOURCE DATA FOUND
- Source citation: Work cat.: (NUST): Koç, Muammer, Modern Manufacturing Processes, 2020.
